Słowa zakończone na -żerca - Statystyki

Ogólne statystyki
  • Ten quiz został rozwiązany 179 razy
  • Średni wynik to 4 z 16
Statystyki odpowiedzi
Odpowiedź % Poprawnych
6. M{ięsożerca}
88%
11. R{oślinożerca}
70%
5. L{udożerca}
58%
15. W{szystkożerca}
48%
8. P{adlinożerca}
45%
3. K{rwiożerca}
21%
7. O{wadożerca}
21%
13. T{rawożerca}
15%
4. L{iściożerca}
9%
2. G{lebożerca}
6%
16. Ż{ydożerca}
5%
9. P{olakożerca}
2%
14. T{rupożerca}
2%
1. G{ałęziożerca}
1%
10. P{rądożerca}
0%
12. S{owietożerca}
0%
Nie znaleziono quizów pasujących do podanych kryteriów
Rozkład punktacji
Procent ludzi z każdym wynikiem
Percentyl według liczby udzielonych odpowiedzi
Twoja historia wyników
Nie rozwiązałeś tego quizu